000 00496nam a2200181Ia 4500
001 16495
005 20260306170313.0
008 260306t2022||||xx |||||||||||||| ||und||
041 _aESP
082 _a348.6
_bM86R
100 _aMorillo Villavicencio, Analí Shihomara,
_eAUT
245 0 _aRemuneraciones y condiciones de pago ; Cálculos laborales más frecuentes
260 _c2022
300 _a64, 64 páginas :
_c24 cm.
650 _aGEN
654 _aCDE
942 _cLIB
_dJUS
_fJUS
_2ddc
_n
999 _c16495
_d16495